000 00502nam a2200169Ia 4500
008 220216s9999 xx 000 0 und d
100 _aBlok E J
245 0 _aPreliminary studies on new anti-reversion agents for the sulfur vulcanization of diene rubbers
260 _bRubber Chemistry and Technology
_c2000
300 _a114-121
650 _aAnti-reversion agent
650 _aDiene rubbers
650 _aSulfur vulcanization
700 _aKralevich M L
700 _aVarner J E
942 _cJS
999 _c65516
_d65516